[Event "Dubai op 7th"]
[Site "Dubai"]
[Date "2005.04.04"]
[Round "1"]
[White "Ni, Hua"]
[Black "Gurieli, Nino"]
[Result "1-0"]
[WhiteElo "2638"]
[BlackElo "2348"]
[PlyCount "113"]
[EventDate "2005.04.04"]
[EventType "swiss"]
[EventRounds "9"]
[EventCountry "UAE"]
[SourceTitle "CBM 105 Extra"]
[Source "ChessBase"]
[SourceDate "2005.05.01"]
[SourceVersion "1"]
[SourceVersionDate "2005.05.01"]
[SourceQuality "1"]

1. e4 e5 2. Nf3 Nc6 3. Bb5 a6 4. Ba4 Nf6 5. 0-0 Be7 6. Re1 b5 7. Bb3 d6 8. c3 0-0 9. h3 Na5 10. Bc2 c5 11. d3 h6 12. Nbd2 Qc7 13. Nf1 Bb7 14. Ng3 Rfe8 15. Nf5 Bf8 16. Nh2 Rad8 17. Re3 d5 18. Rg3 Kh7 19. exd5 Bxd5 20. Re3 g6 21. Ng3 e4 22. Ng4 Nxg4 23. Qxg4 exd3 24. Rxd3 Nc4 25. Bf4 Qc6 26. Qh4 Nxb2 27. Rd2 Nc4 28. Rdd1 Na3 29. Be4 Rd7 30. Rxd5 Rxd5 31. Kh2 Rxe4 32. Nxe4 Rf5 33. Re1 Nc4 34. f3 Bg7 35. Rd1 Qe8 36. Rd8 Qe6 37. Ng5+ Rxg5 38. Bxg5 Qe5+ 39. Bf4 Qxc3 40. Qe7 Qf6 41. Qxf6 Bxf6 42. Ra8 a5 43. Kg1 a4 44. Kf1 a3 45. Ke2 b4 46. Ra6 Bd4 47. Kd3 Nb2+ 48. Kc2 g5 49. Bd2 Nc4 50. Bc1 f6 51. Kd3 Ne5+ 52. Ke4 Kg6 53. Be3 Bxe3 54. Kxe3 h5 55. Ke4 h4 56. Rb6 Nc4 57. Rc6 1-0

[Event "Bayern-chI Bank Hofmann 5th"]
[Site "Bad Wiessee"]
[Date "2001.11.03"]
[Round "8"]
[White "Gurieli, Nino"]
[Black "Babar, Michael"]
[Result "1-0"]
[WhiteElo "2343"]
[BlackElo "2161"]
[PlyCount "69"]
[EventDate "2001.10.27"]
[EventType "swiss"]
[EventRounds "9"]
[EventCountry "GER"]
[SourceTitle "EXT 2003"]
[Source "ChessBase"]
[SourceDate "2002.11.25"]
[SourceVersion "1"]
[SourceVersionDate "2002.11.25"]
[SourceQuality "1"]

1. d4 f5 2. g3 g6 3. Bg2 Nf6 4. c4 Bg7 5. Nc3 d6 6. d5 a5 7. Nh3 0-0 8. 0-0 Na6 9. Be3 Bd7 10. Nf4 Ng4 11. Bd4 Ne5 12. e4 c5 13. dxc6 bxc6 14. exf5 Rxf5 15. Re1 Nc7 16. c5 Rb8 17. cxd6 exd6 18. Ne4 Nb5 19. Bxe5 Bxe5 20. Nd3 Bg7 21. a4 d5 22. Nec5 Nd4 23. Nxd7 Qxd7 24. Ra3 Qd6 25. Rc3 Rbf8 26. f4 Rb8 27. Bh3 Rff8 28. Ne5 Bxe5 29. Rxe5 Rb4 30. b3 Nf5 31. Bg2 Rfb8 32. Rxc6 Qxc6 33. Bxd5+ Qxd5 34. Qxd5+ Kg7 35. Qd7+ 1-0

[Event "Bayern-chI Bank Hofmann 5th"]
[Site "Bad Wiessee"]
[Date "2001.10.30"]
[Round "4"]
[White "Gurieli, Nino"]
[Black "Roemhild, Marcus"]
[Result "1-0"]
[WhiteElo "2343"]
[BlackElo "2159"]
[PlyCount "125"]
[EventDate "2001.10.27"]
[EventType "swiss"]
[EventRounds "9"]
[EventCountry "GER"]
[SourceTitle "EXT 2003"]
[Source "ChessBase"]
[SourceDate "2002.11.25"]
[SourceVersion "1"]
[SourceVersionDate "2002.11.25"]
[SourceQuality "1"]

1. Nf3 Nf6 2. d4 g6 3. g3 Bg7 4. Bg2 d6 5. 0-0 0-0 6. b3 c5 7. Bb2 Na6 8. c4 Rb8 9. Nc3 cxd4 10. Nxd4 Nc7 11. e4 Bd7 12. Qd2 Qc8 13. Rfe1 Bh3 14. Nf5 Bxf5 15. exf5 Re8 16. fxg6 hxg6 17. Rac1 Qf5 18. Ne4 Nh5 19. Bxg7 Nxg7 20. h3 Nce6 21. f4 Nc5 22. g4 Nxe4 23. Bxe4 Qc5+ 24. Kh1 e6 25. b4 Qc7 26. Qd4 b6 27. f5 exf5 28. gxf5 Rxe4 29. Qxe4 Nxf5 30. Rg1 Qd7 31. Rcf1 Kg7 32. Rf3 Re8 33. Qd3 Re5 34. Rg4 Qe6 35. Kg2 Ne7 36. Kf2 Kg8 37. h4 Nf5 38. Rgf4 Kf8 39. h5 b5 40. hxg6 fxg6 41. a3 Kf7 42. cxb5 Qa2+ 43. Kg1 Kg7 44. Rf2 Re1+ 45. Kg2 Qa1 46. Rxf5 Rg1+ 47. Kf3 gxf5 48. Rg2+ Rxg2 49. Kxg2 Qe5 50. Kf3 Kf6 51. a4 d5 52. a5 Qa1 53. Ke2 Qb2+ 54. Qd2 Qe5+ 55. Kf1 f4 56. a6 d4 57. Qe2 Qd6 58. Qc4 d3 59. Qc6 Qxc6 60. bxc6 Ke6 61. b5 f3 62. Ke1 Kd6 63. b6 1-0

[Event "Bayern-chI Bank Hofmann 5th"]
[Site "Bad Wiessee"]
[Date "2001.10.27"]
[Round "1"]
[White "Richtmann, Peter"]
[Black "Gurieli, Nino"]
[Result "0-1"]
[WhiteElo "2002"]
[BlackElo "2343"]
[PlyCount "64"]
[EventDate "2001.10.27"]
[EventType "swiss"]
[EventRounds "9"]
[EventCountry "GER"]
[SourceTitle "EXT 2003"]
[Source "ChessBase"]
[SourceDate "2002.11.25"]
[SourceVersion "1"]
[SourceVersionDate "2002.11.25"]
[SourceQuality "1"]

1. d4 Nf6 2. Nf3 g6 3. g3 Bg7 4. Bg2 0-0 5. c4 d5 6. 0-0 dxc4 7. Nc3 c6 8. a4 Na6 9. Ne5 Be6 10. e4 Nb4 11. Be3 Nd7 12. Nf3 h6 13. a5 b6 14. axb6 Nxb6 15. Qd2 Kh7 16. Ra5 Qd7 17. Rfa1 Qb7 18. h4 a6 19. h5 Rad8 20. hxg6+ fxg6 21. Nh4 Nd7 22. Qe2 Nf6 23. Bf3 Qd7 24. R1a4 Rb8 25. d5 cxd5 26. exd5 Nfxd5 27. Nxd5 Bxd5 28. Bxd5 Nxd5 29. Qd2 Rb5 30. Rxa6 Rxb2 31. Qd1 Nxe3 32. Qxd7 Rb1+ 0-1

[Event "EUR-ASIA m 30' (Women)"]
[Site "Batumi"]
[Date "2001.09.18"]
[Round "6"]
[White "Gurieli, Nino"]
[Black "Zhu, Chen"]
[Result "0-1"]
[WhiteElo "2347"]
[BlackElo "2497"]
[PlyCount "75"]
[EventDate "2001.09.17"]
[EventType "team (rapid)"]
[EventRounds "8"]
[EventCountry "GEO"]
[SourceTitle "CBM 086"]
[Source "ChessBase"]
[SourceDate "2002.02.05"]
[SourceVersion "1"]
[SourceVersionDate "2002.02.05"]
[SourceQuality "1"]

1. c4 e6 2. g3 d5 3. Bg2 Nf6 4. Nf3 Be7 5. 0-0 0-0 6. b3 d4 7. Bb2 Nc6 8. e3 e5 9. exd4 exd4 10. d3 h6 11. Na3 Bg4 12. h3 Bf5 13. Nc2 Qd7 14. g4 Bh7 15. Ncxd4 Nxd4 16. Nxd4 Rad8 17. Qf3 c5 18. Nf5 Bxf5 19. gxf5 Qxd3 20. Qxb7 Rd7 21. Qf3 Qc2 22. Be5 Rfd8 23. Rfe1 Rd3 24. Qc6 Rd2 25. Bxf6 Bxf6 26. Rac1 Qb2 27. Bd5 Rxf2 28. Rcd1 Rxd5 29. Qxd5 Rh2 30. Qf3 Rc2 31. Re8+ Kh7 32. Qe4 Qc3 33. Qd3 Bd4+ 34. Kh1 Qb2 35. f6+ g6 36. Qg3 Bxf6 37. Rf1 Kg7 38. Qb8 0-1

[Event "EUR-ASIA m 30' (Women)"]
[Site "Batumi"]
[Date "2001.09.17"]
[Round "4"]
[White "Hoang, Thanh Trang"]
[Black "Gurieli, Nino"]
[Result "1-0"]
[WhiteElo "2445"]
[BlackElo "2347"]
[PlyCount "59"]
[EventDate "2001.09.17"]
[EventType "team (rapid)"]
[EventRounds "8"]
[EventCountry "GEO"]
[SourceTitle "CBM 086"]
[Source "ChessBase"]
[SourceDate "2002.02.05"]
[SourceVersion "1"]
[SourceVersionDate "2002.02.05"]
[SourceQuality "1"]

1. d4 Nf6 2. c4 g6 3. Nc3 d5 4. Nf3 Bg7 5. Qb3 dxc4 6. Qxc4 0-0 7. e4 a6 8. Bf4 b5 9. Qxc7 b4 10. Qxd8 Rxd8 11. Na4 Bb7 12. e5 Nd5 13. Bd2 Nc6 14. Nc5 Bc8 15. Rc1 Bg4 16. Nxa6 Bxf3 17. Rxc6 Be4 18. f3 Bf5 19. Be2 f6 20. e6 Rdc8 21. Rxc8+ Rxc8 22. Nc5 Bc2 23. Ba6 Ra8 24. Ke2 f5 25. Rc1 Ba4 26. Nxa4 Rxa6 27. Rc8+ Bf8 28. Nc5 Rxa2 29. Bh6 Rxb2+ 30. Ke1 1-0

[Event "Batumi op"]
[Site "Batumi"]
[Date "2001.07.05"]
[Round "9"]
[White "Javakhishvili, Lela"]
[Black "Gurieli, Nino"]
[Result "0-1"]
[WhiteElo "2305"]
[BlackElo "2356"]
[PlyCount "122"]
[EventDate "2001.06.26"]
[EventType "swiss"]
[EventRounds "9"]
[EventCountry "GEO"]
[SourceTitle "EXT 2002"]
[Source "ChessBase"]
[SourceDate "2001.11.25"]
[SourceVersion "1"]
[SourceVersionDate "2001.11.25"]
[SourceQuality "1"]

1. c4 e5 2. g3 Nf6 3. Bg2 Nc6 4. Nc3 Bc5 5. a3 d6 6. e3 Bg4 7. Nge2 Qd7 8. h3 Bf5 9. d4 Bb6 10. d5 Ne7 11. e4 Bg6 12. 0-0 h5 13. Kh2 c6 14. Qd3 cxd5 15. cxd5 a6 16. f4 Ng4+ 17. Kh1 exf4 18. gxf4 Nf2+ 19. Rxf2 Bxf2 20. Qf3 Bb6 21. f5 Bh7 22. Qxh5 g6 23. fxg6 Nxg6 24. Bg5 Bd8 25. Be3 Bg8 26. Qf5 Nh4 27. Qxd7+ Kxd7 28. Bd4 Rh6 29. Rf1 Bg5 30. Ng3 Re8 31. Nf5 Nxf5 32. Rxf5 f6 33. Rf2 Bh7 34. Kh2 Ke7 35. a4 Rh4 36. Rc2 Bf4+ 37. Kg1 Rg8 38. Kf1 Be5 39. Bf2 Rf4 40. Bh1 Bd4 41. Nd1 Kd7 42. Rc4 Bxf2 43. Nxf2 f5 44. Ke2 fxe4 45. Rb4 Kc7 46. Rc4+ Kd8 47. Rb4 Rgf8 48. Ng4 Kc7 49. Rc4+ Kb6 50. Rb4+ Ka7 51. Bg2 Bf5 52. Ne3 Bg6 53. Ng4 Bh5 54. Bxe4 Bxg4+ 55. hxg4 Rxg4 56. Rd4 Re8 57. Kd3 Kb6 58. b4 a5 59. bxa5+ Kxa5 60. Bf5 Rxd4+ 61. Kxd4 Re7 0-1